Los historiadores de Jalisco : epítome bibliográfico/

Las bibliografías de historiadores están divididas en cinco partes: los compiladores de documentos históricos; los historiadores particulares, es decir aquellos que estudiaron regiones determinadas; los biógrafos, panegiristas genealogistas; los cultivadores de las ciencias auxiliares de la historia...

Descripció completa

Guardat en:
Dades bibliogràfiques
Autor principal: Iguíniz, Juan B. (autor)
Format: Llibre
Idioma:espanyol
Matèries:
Etiquetes: Afegir etiqueta
Sense etiquetes, Sigues el primer a etiquetar aquest registre!

MARC

LEADER 00000nam^a2200000^a^4500
001 000111578
005 20250521000000.0
009 20260310093837.002
037 |a Acervo ITESO - Biblioteca 
041 |a ESP 
082 |a 972. 350016  |b IGU 
100 |a Iguíniz, Juan B.  |e (autor) 
245 1 4 |a Los historiadores de Jalisco :  |b epítome bibliográfico/  |c J.B. Iguíniz Vizcaíno. 
264 |a México :  |b Secretaría de Hacienda, Departamento de Comunicaciones,  |c 1918 
300 |a 114 p. 
336 |a texto  |b txt  |2 rdacontenido 
337 |a sin mediación  |b n  |2 rdamedio 
338 |a volumen  |b nc  |2 rdasoporte 
520 |a Las bibliografías de historiadores están divididas en cinco partes: los compiladores de documentos históricos; los historiadores particulares, es decir aquellos que estudiaron regiones determinadas; los biógrafos, panegiristas genealogistas; los cultivadores de las ciencias auxiliares de la historia y los historiadores especiales, entre quienes contempla a los autores de monografías y obras sobre algún asunto o tema especial de cualquier género histórico. 
649 |a XX 
650 |a Historiadores Mexicanos -  |x Bibliografías 
650 |a Jalisco -  |x Historia 
910 |a Fondo Salvador Reynoso Reynoso 
920 |a Impresos - Libros 
930 |a Fondos Especiales 
905 |a 112 
901 |a 0800000977  |b IT2  |c ESP  |u 20250521 
902 |a https://opac.biblio.iteso.mx/vufind/Record/000111578